LEADER 04288nam0 2200565 i 450 001 BVEE018469 005 20170908093207.0 012 $au-ub *-ia u*te dopa (3) 1541 (R)$2fei 100 $a20041029d1541 ||||0itac50 ba 101 | $alat 102 $ait 181 1$6z01$ai $bxxxe 182 1$6z01$an 200 1 $a˜Diui Aurelii Augustini ... œRetractationum libri 2 210 $aVenetiis$csub signo sancti Bernardini$d1541$eVenetiis$gapud Cominum de Tridino Montisferrati$h1541 215 $a36 c.$d8º 300 $aMarca (Z176) sul front 300 $aCors. ; rom 300 $aSegn.: a-d⁸e⁴ 300 $aIniziali e fregio xil. 314 $aEditore$9BVEV041165 314 $aTipografo$9IEIV021695 316 $a1 v. - Mutilo delle c. e3,4. - Legato con: Girolamo, Savonarola, In d. Ioannis epistolam. Venezia, 1536. - Timbro RB Neapolis sul front.$5IT-NA0079, SALA FARN.07. B 0054 316 $a1 v. - Legato con: Augustinus, Aurelius Omnium operum. - Timbro RB sul front. del 1. v.$5IT-NA0079, SALA FARN.07. B 0054 316 $a1 op. rilegato in vol. misc. - Mutilo c. 12 -13.$5IT-NA0070, Z.A. 0377 02 620 $dVenezia$3SBLL003553 700 1$aAugustinus$b, Aurelius$c $3CFIV004595$4070$0152280 712 02$aStagnino, Bernardino$c <1.> eredi$3BVEV041165$4650 712 02$aComin da Trino$3IEIV021695$4650 790 0$aAugustinus Aurelius$c $3BVEV021814$zAugustinus, Aurelius 790 0$aAgostino : d'Ippona$c $3CFIV013519$zAugustinus, Aurelius 790 1$aAgostino$b, Aurelio$c $3CFIV030601$zAugustinus, Aurelius 790 0$aAugustinus : von Hippo$c $3CFIV130059$zAugustinus, Aurelius 790 0$aAurelio Agostino$c $3CFIV137762$zAugustinus, Aurelius 790 0$aAgostino$c $3CFIV157151$zAugustinus, Aurelius 790 0$aAgostino$3CFIV211414$zAugustinus, Aurelius 790 0$aAugustinus : Hipponensis$c $3RMLV215613$zAugustinus, Aurelius 791 02$a˜Al segno di œSan Bernardino$f $3BVEV054276$zStagnino, Bernardino <1.> eredi 791 02$aComin de Tridino$3CFIV287555$zComin da Trino 801 3$aIT$bIT-NA0079$c20041029 850 $aIT-NA0079$aIT-NA0070 899 1$aBiblioteca Nazionale Vittorio Emanuele III$bNA0079$eS$uhttp://books.google.com/books?vid=IBNN:BNANT001740154 | http://books.google.com/books?vid=IBNN:BNANT001739733 912 $aBVEE018469 921 $aBVEM001493$bS. Bernardino da Siena con disco radiante con monogramma di Cristo IHS e mitra in basso. In cornice.$cZ176$dSul front. 950 0$aBiblioteca Nazionale Vittorio Emanuele III$b1 v. - Legato con: Girolamo, Savonarola, In d. Ioannis epistolam. Venezia, 1536. - Timbro RB Neapolis sul front.$c1 v. - Legato con: Girolamo, Savonarola, In d. Ioannis epistolam. Venezia, 1536. - Timbro RB Neapolis sul front.$d BNSALA FARN.07. B 0054$e BNANT0017401545 B (1 1 v. - Mutilo delle c. e3,4. - Legato con: Girolamo, Savonarola, In d. Ioannis epistolam. Venezia, 1536. - Timbro RB Neapolis sul front.$fC $h20050117$i20050117$b1 v. - Legato con: Augustinus, Aurelius Omnium operum. - Timbro RB sul front. del 1. v.$c1 v. - Legato con: Augustinus, Aurelius Omnium operum. - Timbro RB sul front. del 1. v.$d BNSALA FARN.06. B 0020$e BNANT0017397335 B (2 1 v. - Legato con: Augustinus, Aurelius Omnium operum. - Timbro RB sul front. del 1. v.$fC $h20041029$i20041029 950 0$aBiblioteca Universitaria$b1 v.$c1 v. misc.$d BUZ.A. 0377 02$e BUSI 0000180205 B 1 op. rilegato in vol. misc. - Mutilo c. 12 -13.$fZ $h20090707$i20090707 956 $aBiblioteca Nazionale Vittorio Emanuele III$b1$cBNTD$d$eBNANT001740154$uhttp://books.google.com/books?vid=IBNN:BNANT001740154$z BNSALA FARN.07. B 0054$b1$cBNTD$d$eBNANT001739733$uhttp://books.google.com/books?vid=IBNN:BNANT001739733$z BNSALA FARN.06. B 0020 977 $a BN$a BU 996 $aRetractationum libri 2$91480174 997 $aUNISANNIO LEADER 02904nam 2200637Ia 450 001 9910453185403321 005 20200520144314.0 010 $a1-281-76593-7 010 $a9786611765934 010 $a0-7546-8230-7 035 $a(CKB)1000000000552369 035 $a(EBL)438967 035 $a(OCoLC)471131352 035 $a(SSID)ssj0000137963 035 $a(PQKBManifestationID)11130109 035 $a(PQKBTitleCode)TC0000137963 035 $a(PQKBWorkID)10096915 035 $a(PQKB)10605233 035 $a(MiAaPQ)EBC438967 035 $a(Au-PeEL)EBL438967 035 $a(CaPaEBR)ebr10250446 035 $a(CaONFJC)MIL176593 035 $a(EXLCZ)991000000000552369 100 $a20070831d2008 uy 0 101 0 $aeng 135 $aur|n|---||||| 181 $ctxt 182 $cc 183 $acr 200 14$aThe development of marketing management$b[electronic resource] $ethe case of the USA, c. 1910-1940 /$fKazuo Usui 210 $aAldershot, England ;$aBurlington, VT $cAshgate$dc2008 215 $a1 online resource (179 p.) 225 1 $aThe history of retailing and consumption 300 $aDescription based upon print version of record. 311 $a0-7546-0606-6 320 $aIncludes bibliographical references and index. 327 $aCover; Contents; General Editor's Preface; List of Tables and Figures; Acknowledgements; Introduction; 1 An Archetype of Marketing Management: Butler's Ideas and their Background; 2 Scientific Management and Sales Management: The McDonaldization of Sales Activities; 3 Scientific Management and Marketing Management: 'Science in Business' for Marketing; 4 'Merchandising' as a Missing Concept in the History of Marketing Management Thought; 5 The Redesign Movement and Development of Product Policy: A Meeting of Marketers and Industrial Designers 327 $a6 Development of the Idea of Channel Selection and Distribution Structure between the Two World WarsConcluding Remarks; Bibliography; Index 330 $aThis book explores the development of US marketing management thought in the early part of the 20th century, focusing on the relationship between the thought and historical contexts rather than on theoretical developments. 410 0$aHistory of retailing and consumption. 606 $aMarketing$zUnited States$xManagement$xHistory$y20th century 606 $aMarketing$zUnited States$xHistory$y20th century 606 $aMarketing$xManagement$vCase studies 608 $aElectronic books. 615 0$aMarketing$xManagement$xHistory 615 0$aMarketing$xHistory 615 0$aMarketing$xManagement 676 $a658.8001 700 $aUsui$b Kazuo$f1953-$0981445 801 0$bMiAaPQ 801 1$bMiAaPQ 801 2$bMiAaPQ 906 $aBOOK 912 $a9910453185403321 996 $aThe development of marketing management$92240117 997 $aUNINA